Statistics for 200 Artists by One of their Songs - NOT in the 1000 Quiz

Click here to take the quiz!

General Stats

  • This quiz has been taken 616 times
    (602 since last reset)
  • The average score is 30 of 200

Answer Stats

HintAnswer% Correct
Flashdance...What A FeelingIrene Cara
51%
Blurred LinesRobin Thicke
51%
Oh What a NightFrankie Valli & the Four Seasons
48%
It's Raining MenThe Weathergirls
45%
Walkin' on SunshineKatrina and the Waves
44%
Don't Worry Be HappyBobby McFerrin
42%
LaylaDerek & the Dominos
42%
Our HouseMadness
42%
Uptown FunkMark Ronson
41%
Tell Me I'm Not Dreamin'Jermaine Jackson
39%
Hearts Don't LieLatoya Jackson
39%
Get it BabyTito Jackson
39%
Oh MickeyToni Basil
39%
Wild ThingThe Troggs
37%
The Tears of a ClownSmokey Robinson & the Miracles
36%
We've Only Just BegunThe Carpenters
35%
The WeightThe Band
34%
Two PrincesThe Spindoctors
34%
Chariots of FireVangelis
33%
SailingChristopher Cross
32%
DowntownPetula Clark
32%
CenterfoldThe J Geils Band
32%
Let's Hear it For the BoyDenise Williams
31%
Easy Like Sunday MorningThe Commodores
29%
Raindrops Keep Fallin' On My HeadBJ Thomas
28%
Love Will Keep Us TogetherCaptain and Tenille
28%
Girl You Know It's TrueMilli Vanilli
28%
Whiter Shade of PaleProcol Harum
28%
She Blinded Me With ScienceThomas Dolby
28%
Funky Cold MedinaTone Loc
28%
Angel of the MorningJuice Newton
27%
JumpKris Kross
27%
Truly Madly DeeplySavage Garden
27%
With A Little LuckWings
27%
Breakfast at Tiffany'sDeep Blue Something
26%
Toy SoldiersMartika
26%
Broken WingsMister Mister
26%
Louie LouieThe Kingsmen
26%
The Wreck of the Edmund FitzgeraldGordon Lightfoot
25%
I Am WomanHelen Reddy
25%
What's Up?4 Non Blondes
24%
Cat's in the CradleHarry Chapin
24%
For Your Eyes OnlySheena Easton
24%
Shoot that Poison ArrowABC
23%
Word UpCameo
23%
I Feel For YouChaka Khan
23%
Cake by the OceanDNCE
23%
Alone Again (Naturally)Gilbert O'Sullivan
23%
St. Elmo's Fire (Man in Motion)John Parr
23%
Kiss MeSix Pence None the Richer
23%
Wishing WellTerrence Trent D'Arby
23%
Love TrainThe O'Jays
22%
AnticipationCarly Simon
21%
Santa BabyEartha Kitt
21%
I Love a Rainy NightEddie Rabbit
21%
GloriaThem
21%
Just a FriendBiz Markie
20%
Don't It Make My Brown Eyes BlueCrystal Gayle
20%
Mighty QuinnManfred Mann
20%
ManiacMichael Sembello
20%
FireThe Pointer Sisters
20%
Rock This TownThe Stray Cats
20%
You're the One That I WantJohn Travolta and Olivia Newton John
19%
Break My StrideMatthew Wilder
19%
Come To My WindowMelissa Etheridge
19%
Puittin' on the RitzTaco
19%
In the MoodThe Glen Miller Orchestra
19%
VacationThe Go-Go's
19%
Shut Up and Dance With MeWalk the Moon
19%
I SwearAll 4 One
18%
Make it With YouBread
18%
You're No GoodLinda Ronstadt
18%
One Bad AppleThe Osmonds
18%
RiptideVance Joy
18%
Mad About YouBelinda Carlisle
17%
Gonna Make You SweatC & C Music Factory
17%
RunawayDelShannon
17%
Doctor DoctorThe Thompson Twins
17%
SnowbirdAnne Murray
16%
Buffalo StanceNeneh Cherry
16%
Eye in the SkyThe Alan Parsons Project
16%
Baby BabyAmy Grant
15%
Lido ShuffleBoz Scaggs
15%
Only Wanna Be With YouHootie & the Blowfish
15%
Stay (I Missed You)Lisa Loeb
15%
Do You Believe in MagicThe Lovin'Spoonful
15%
Best Day of My LifeAmerican Authors
14%
Smalltown BoyBronski Beat
14%
Something So StrongCrowded House
14%
Caravan of LoveThe Housemartins / Isley-Jasper-Isley
14%
BrandyThe Lookingglass
14%
Lost in Your EyesDebbie Gibson
13%
Be With YouMr Big
13%
Set Adrift on Memory BlissPM Dawn
13%
VenusShocking Blue
13%
Hey JealousyThe Gin Blossoms
13%
BenThe Jackson Five
13%
Jungle LoveTime
13%
Waiting for a Star to FallBoy Meets Girl
12%
(It's Got to Be) PerfectFairground Attraction
12%
Shattered DreamsJohnny Hates Jazz
12%
Supermodel (You Better Work)RuPaul
12%
Summer BreezeSeals & Crofts
12%
Keep Your Hands to YourselfThe Georgia Satellites
12%
The Impression That I GetThe Mighty Mighty Bosstones
12%
Only YouThe Platters
12%
Proud to be an AmericanLee Greenwood
11%
Cool It NowNew Edition
11%
If You LeaveOrchestral Maneuvers in the Dark
11%
Sham-a-Lam-a-Ding-DongOtis Day & the Knights
11%
The Glamorous LifeSheila E
11%
Tell it to My HeartTaylor Dane
11%
Yakety YakThe Coasters
11%
Love RollercoasterThe Ohio Players
11%
Leave a Light on in HeavenDanny Wilson
10%
I Put a Spell on YouScreamin' Jay Hawkins
10%
Mr WendellArrested Development
9%
MusclesDiana Ross
9%
Shake You DownGregory Abbott
9%
Oh SheilaReady for the World
9%
Building A MysterySarah McLachlan
9%
You Make Me Feel Brand NewThe Stylistics
9%
I Like it, I Love ItTim McGraw
9%
Because the Night10,000 Maniacs
8%
Don't Know What You Got ('til It's Gone)Cinderella
8%
What I AmEdie Brickell & the New Bohemians
8%
AidaGiuseppe Verdi
8%
King of Wishful ThinkingGo West
8%
Lost in EmotionLisa Lisa & the Cult Jam
8%
Still the OneOrleans
8%
Get It On (Bang a Gong)Powerstation
8%
Giving You The Best That I GotAnita Baker
7%
I Keep Forgettin'Michael McDonald
7%
Lost BoyRuth B
7%
Wild Wild WestThe Escape Club
7%
Sea of LoveThe Honeydrippers
7%
It's a Shame About RayThe Lemonheads
7%
The PromiseWhen in Rome
7%
I Was Country When Country Wasn't CoolBarbara Mandrell
6%
Leader of the BandDan Fogelberg
6%
Rhythm of the NightEl De Barge
6%
You'll Never Find Another Love Like MeLou Rawls
6%
In the Still of the NightThe Five Satins
6%
3 a.m. EternalThe KLF
6%
Genius of LoveThe Tom Tom Club
6%
AlwaysAtlantic Star
5%
At this MomentBilly Vera & the Beaters
5%
The HookBlues Traveler
5%
Wishful ThinkingChina Crisis
5%
High EnoughDamn Yankees
5%
On the Dark SideJohn Cafferty & the Beaver Brown Band
5%
Tears on My PillowLittle Anthony & the Imperials
5%
Boogie FeverThe Sylvers
5%
Lay it On the LineTriumph
5%
Tighten UpArchie Bell & the Drells
4%
Release MeEngleberg Humpderdink
4%
All Time HighRita Coolidge
4%
(I've Got a) Perfect WayScritti Politti
4%
Come Go With MeThe Dell-Vikings
4%
O-o-h ChildThe Five Stairsteps
4%
Suddenly Last SummerThe Motels
4%
Money (That's What I Want)Barrett Strong
3%
Pac Man FeverBuckner & Garcia
3%
Brand New LoverDead or Alive
3%
A Night in TunisiaDizzy Gillespie
3%
Nightmare on My StreetDJ Jazzy Jeff & the Fresh Prince
3%
Don't Forget Me (When I'm Gone)Glass Tiger
3%
Girls Chase Boys Chase GirlsIngrid Michaelson
3%
(Come to the) CabaretJoel Grey
3%
In the House of Stone and LightMartin Page
3%
WonderNatalie Merchant
3%
It's AlrightThe Impressions
3%
GalileoThe Indigo Girls
3%
Head OnThe Jesus and Mary Chain
3%
Respect YourselfThe Staple Singers
3%
Looking for a New LoveJodie Watley
2%
SuperstarLupe Fiasco
2%
Goodbye, SuePerry Como
2%
Get ReadyRare Earth
2%
Pennies From HeavenThe Count Basie Orchestra
2%
The Black Velvet BandThe Dubliners
2%
Dogs of LustThe The
2%
Feels GoodTony Toni Tone
2%
Fight the PowerFlavor Flav
1%
Come As You ArePeter Wolf
1%
Down With DiseasePhish
1%
Kiss Them for MeSiousie & the Banshees
1%
Don't Be That WayThe Benny Goodman Orchestra
1%
Over and OverThe Dave Clark Five
1%
BittersweetBig Head Todd & the Monsters
0%
Stone CrazyBuddy Guy
0%
My SoulClifton Chenier
0%
Time Travelin'Common
0%
FloatFlogging Molly
0%
Where Do We Go From HereMichael Damian
0%
Street of DreamsNia Peeples
0%
I Need YouSusie Q
0%
Look in My EyesThe Chantles
0%
Goin' Out of My Head / Can't Take My Eyes Off of YouThe Lettermen
0%
AnimalWasp
0%

Score Distribution

Percentile by Number Answered

Percent of People with Each Score

Your Score History

You have not taken this quiz since the last reset